| 000 | 02819cam a22004454i 4500 | ||
|---|---|---|---|
| 003 | PE-LiUPU | ||
| 005 | 20250731165428.0 | ||
| 008 | 160211s1993 pe a grm 000 0 spa d | ||
| 035 | _a(Sirsi) a156077 | ||
| 040 |
_aPE-LiUPU _bspa _cPE-LiUPU _erda |
||
| 099 |
_aTE 2 _bC26 1993 |
||
| 100 | 1 |
_aCarrasco Torres, Ezzio _eautor |
|
| 245 | 1 | 3 |
_aLa influencia del contexto social en la reacción valorativa de los alumnos del quinto grado del Colegio Nacional Mariano Melgar de Villa María del Triunfo / _cEzzio Carrasco Torres. |
| 264 | 0 | _c1993. | |
| 300 |
_a113 hojas _c30 cm |
||
| 336 |
_atext _2rdacontent |
||
| 337 |
_aunmediated _2rdamedia |
||
| 338 |
_avolume _2rdacarrier |
||
| 502 |
_aTesis _b(Lic.) -- _cUniversidad Peruana Unión, _d1993. |
||
| 504 | _aIncluye referencias | ||
| 520 | 3 | _aEl presente trabajo de investigación, nos ha permitido conocer los fundamentos filosóficos, la clasificación de la jerarquía de los valores morales que están muy cuestionados en nuestra sociedad por la crisis que la aqueja en todos los aspectos. Los objetivos planteados se han cumplido en gran medida, así tenemos: - El objetivo especifico Nro. 1 "Determinar a través de un diagnóstico la realidad social de Mariano Melgar en Villa María del Triunfo", se ha desarrollado con amplitud en el marco teórico, lo cual significa que se ha cumplido en la medida deseada. - El objetivo especifico Nro. 2 "Exponer los fundamentos éticos - morales como fuente educadora", de igual manera, este punto se ha desarrollado dentro del marco teórico, lo cual nos permite asegurar que se ha cumplido con este objetivo en la medida de lo posible. - El objetivo especifico Nro. 3 "Establecer mejores vías entre familia, escuela y comunidad para una mejor formación valorativa de los alumnos", este objetivo ha sido desarrollado tanto dentro del marco teórico como con las sugerencias que se presentan en el presente trabajo de investigación. Por lo expuesto, podemos concluir que el objetivo general: "Obtener criterios validos y objetivos que señalen el nivel de incidencia de los factores sociales. En el distrito "Villa María del Triunfo" se ha cumplido satisfactoriamente en la medida de lo deseado, en la realización del trabajo de investigación. | |
| 526 | _aSEG44 | ||
| 526 | _aSEG26 | ||
| 526 | _aP151 | ||
| 526 | _aP150 | ||
| 526 | _aP149 | ||
| 526 | _aP146 | ||
| 526 | _aP145 | ||
| 526 | _aP126 | ||
| 526 | _aP125 | ||
| 526 | _aP92 | ||
| 526 | _aP75 | ||
| 526 | _aP74 | ||
| 526 | _aP27 | ||
| 526 | _aP15 | ||
| 650 | 0 | 4 |
_aEstudiantes de secundaria _xAspectos sociales. |
| 596 | _a1 | ||
| 942 |
_2ddc _cTESIS |
||
| 999 |
_aTE 2 C26 1993 _wALPHANUM _c8758 _iT00119 _lCCODEBUL3 _mBUL _r1 _sY _tTESIS _u2016-2-11 _xEDUCACION _zUNKNOWN _o.STAFF. Tesis _d8758 |
||
| 980 |
_81 _gALBERTO SANCHEZ Responsable de Automatización |
||